书目信息 |
| 题名: |
工程数学
|
|
| 作者: | ||
| 分册: | ||
| 出版信息: | 北京 煤炭工业出版社 2001 |
|
| 页数: | 416页 | |
| 开本: | 20cm | |
| 丛书名: | ||
| 单 册: | ||
| 中图分类: | TB11 | |
| 科图分类: | ||
| 主题词: | 工程数学 | |
| 电子资源: | ||
| ISBN: | 7-5020-2114-0 | |
| 000 | 00646nam0 2200217 450 | |
| 001 | 0632803769 | |
| 005 | 20061008090846.82 | |
| 010 | @a7-5020-2114-0@dCNY16.50 | |
| 100 | @a20061008d2001 km y0chiy0120 ea | |
| 101 | 0 | @achi |
| 102 | @aCN@b110000 | |
| 200 | 1 | @a工程数学@Agong cheng shu xue@e复变函数与积分变换 |
| 210 | @a北京@c煤炭工业出版社@d2001 | |
| 215 | @a416页@d20cm | |
| 300 | @a全国高等教育自学考试指定教材辅导用书 | |
| 300 | @a高等教育自学考试同步辅导/同步训练 | |
| 517 | 1 | @a复变函数与积分变换@Afu bian han shu yu ji fen bian huan |
| 606 | 0 | @a工程数学 |
| 690 | @aTB11@v3 | |
| 801 | 0 | @aCN@bPFT@c20061008 |
| 905 | @a10447@dTB11@e121 | |
| 工程数学:复变函数与积分变换.-北京:煤炭工业出版社,2001 |
| 416页;20cm |
| 全国高等教育自学考试指定教材辅导用书.-高等教育自学考试同步辅导/同步训练 |
| ISBN 7-5020-2114-0:CNY16.50 |
| ● |
| 相关链接 |
|
|
|
|
正题名:工程数学
索取号:TB11/121
 
预约/预借
| 序号 | 登录号 | 条形码 | 馆藏地/架位号 | 状态 | 备注 |
| 1 | 0501571 | 205015712 | 密集书库/ [索取号:TB11/121] | 在馆 |